000 00361nam a2200157Ia 4500
100 _aRussell/Lynn D/ Adebiyi/G.A
650 _aThermodynamics
942 _cBK
366 _f25
245 _aEngineering thermodynamics
260 _bOxford Higher Education
_c2007
082 _a621.4021
_bRUS
300 _a734
546 _aENGLISH
_cInfo.Tech
999 _c29796
_d29796